01366nam a22002057a 450000500170000000800410001702000180005804000070007604100120008308200200009510000180011524500800013326000440021330000280025736500520028552007720033765000170110965000140112670000200114020240702112623.0240702b ||||| |||| 00| 0 eng d a9789393559326 cAL aEnglish 223a153.1bLEVB aJonathan Levi aBe a Super Learner: The Proven Methodology to Read Faster and Remember More aAhmedabadbJaico Publishing Housec2022 a193 p.bPBc21.7x14 cm. a593b₹260.00c₹d₹325.00e20%f03-05-2024 aIn the next ten years, every knowledge worker on earth will become invaluable or obsolete. In this new reality, how can we possibly hope to keep up? How can we learn, unlearn, and relearn fast enough to stay relevant in the world to come? In Be a SuperLearner, Jonathan Levi unveils a powerful, neuroscience-based approach to reading faster, remembering more, and learning more effectively. You’ll master the ancient techniques being used by world record holders and competitive memory athletes to unlock the incredible capacity of the human brain. You’ll learn to: Double or triple your reading speed, Enhance your focus, and Optimize your cognitive performance. Most importantly, you’ll be empowered to confidently approach any subject and learn it with ease. aStudy Skills aSelf-Help aLEVI (Jonathan)